000 01768nam a2200505 i 4500
001 9323
003 KOSZ 005
005 20200630121313.0
008 200418s1973 pl a f 001 0 pol
015 _aUWD 1973/3017
035 _a991033372919705066
035 _a(PL-WaBN)b18938164-48omnis_nlop
035 _ab18938164
035 _a(OCoLC)812703085
035 _a(PL)b0000001893816
035 _a(EXLNZ-48OMNIS_NETWORK)9910442313705606
040 _aWA N
_cWA N
_dKOSZ 005/RW
046 _k1973
080 _a621.396.6
080 _a620.1
100 1 _aMasewicz, Tadeusz
_eAutor
245 1 0 _aMateriałoznawstwo radiotechniczne /
_cTadeusz Masewicz, Stanisław Wenda.
250 _aWydanie 3 poprawione i uzupełnione.
260 _aWarszawa :
_bWydawnictwa Komunikacji i Łączności,
_c1973.
300 _a571, [1] stron :
_bilustracje ;
_c22 cm.
336 _aTekst
_btxt
_2rdacontent
337 _aBez urządzenia pośredniczącego
_bn
_2rdamedia
338 _aWolumin
_bnc
_2rdacarrier
380 _aKsiążki
380 _aPublikacje fachowe
388 _a1901-2000
388 _a1945-1989
500 _aTytuł wydania poprzedniego: Materiałoznawstwo radiotechniczne dla praktyków.
504 _aBibliografia na stronach 561-[562]. Indeks.
521 8 _aDla radiotechników i radioamatorów.
650 7 _aRadiotechnika
_2DBN
650 7 _aPółprzewodniki
650 7 _aMateriały
658 _aInżynieria i technika
700 1 _aWenda, Stanisław
_eAutor
710 2 _aWydawnictwa Komunikacji i Łączności
_4pbl
856 _uhttp://koha.tu.koszalin.pl/cgi-bin/koha/opac-detail.pl?biblionumber=9323
_yKatalog online BPK
942 _2UKD
_cKS
999 _c9323
_d9323